000 00906nas a2200289 4500
001 BR2012004187
003 BR-BrBNA
005 20231205120721.0
007 ta
008 230509b bl.|||p| |||| 00| 00por d
040 _aBR-BrBNA
_bpor
_cBiblioteca Nacional de Agricultura
041 _a(En)
072 _aE70; P01
100 1 _aNegrelle, R.R.B.
100 1 _aMitchell, D.
100 1 _aAnacleto, A.
245 1 _aBromeliad ornamental species: conservation issues and challenges related to commercialization
650 _aBROMÉLIA
650 _aPLANTA ORNAMENTAL
650 _aCADEIA PRODUTIVA
650 _aCOMÉRCIO
650 _aFLORICULTURA
650 _aPRESERVAÇÃO DA NATUREZA
773 0 _tActa Scientiarum. Biological Sciences (Brazil)
_xISSN 1679-9283
_g(Jan-Mar 2012), v. 34(1) p. 91-100
_wBR2012004187
909 _a202311
_bLúcia
_c55
_dLúcia Elande
942 _2AGRIS
_n0
_cANA
999 _c219933
_d219933